LEADER 00809nam0-22002891i-450- 001 990006060800403321 005 19980601 035 $a000606080 035 $aFED01000606080 035 $a(Aleph)000606080FED01 035 $a000606080 100 $a19980601d1959----km-y0itay50------ba 105 $a--------00-yy 200 1 $aEinfuhrung in die Ontologie$fAlwin Diemer. 210 $aMeisenheim am Glan$cVerlag Anton Hain$d1959 215 $a173 p.$d24 cm 225 1 $aMonographien zur philosophischen Forschung$v145 676 $a111 700 1$aDiemer,$bAlwin$0230901 801 0$aIT$bUNINA$gRICA$2UNIMARC 901 $aBK 912 $a990006060800403321 952 $aXI Q 112 (22)$b59295$fFGBC 959 $aFGBC 996 $aEinfuhrung in die Ontologie$9578357 997 $aUNINA DB $aGIU01 LEADER 01307oam 2200373I 450 001 9910707308503321 005 20160803123111.0 035 $a(CKB)5470000002464437 035 $a(OCoLC)946822899 035 $a(EXLCZ)995470000002464437 100 $a20160411j20160303 ua 0 101 0 $aeng 135 $aur||||||||||| 181 $ctxt$2rdacontent 182 $cc$2rdamedia 183 $acr$2rdacarrier 200 10$aSustainable technologies, finding success the second time around /$fKevin Walkowicz 210 1$a[Golden, Colo.] :$cNational Renewable Energy Laboratory,$d2016. 215 $a1 online resource (13 pages) $ccolor illustrations 225 1 $aNREL/PR ;$v5400-65999 300 $aTitle from title screen (viewed Apr. 11, 2016). 300 $a"Green Truck Summit, Indianapolis, Indiana, March 3 2016." 606 $aCommercial vehicles$xTechnological innovations$zUnited States 615 0$aCommercial vehicles$xTechnological innovations 700 $aWalkowicz$b Kevin$01399170 712 02$aNational Renewable Energy Laboratory (U.S.), 801 0$bLLB 801 1$bLLB 801 2$bOCLCO 801 2$bGPO 906 $aBOOK 912 $a9910707308503321 996 $aSustainable technologies, finding success the second time around$93483149 997 $aUNINA